Catálogo
 En Linea

Idea de valor de la isla Española, y utilidades, que de ella puede sacar su monarquia / (Registro nro. 33260)

Detalles MARC
000 -CABECERA
campo de control de longitud fija 00504nam a2200145 a 4500
001 - NÚMERO DE CONTROL
campo de control 000033769
005 - FECHA Y HORA DE LA ÚLTIMA TRANSACCIÓN
campo de control 20200930070514.0
008 - DATOS DE LONGITUD FIJA--INFORMACIÓN GENERAL
campo de control de longitud fija 110909s1785 sp 000 0 spa d
040 ## - FUENTE DE LA CATALOGACIÓN
Centro catalogador/agencia de origen DO-SdBNP
Lengua de catalogación spa
Centro/agencia transcriptor BNPHU
082 ## - NÚMERO DE LA CLASIFICACIÓN DECIMAL DEWEY
Número de clasificación xxxx
Número de documento/Ítem S211i
100 1# - ENTRADA PRINCIPAL--NOMBRE DE PERSONA
Nombre de persona Sánchez Valderde, Antonio
9 (RLIN) 59188
245 10 - MENCIÓN DE TÍTULO
Título Idea de valor de la isla Española, y utilidades, que de ella puede sacar su monarquia /
Mención de responsabilidad, etc. Antonio Sánchez Valverde.
260 ## - PUBLICACIÓN, DISTRIBUCIÓN, ETC.
Lugar de publicación, distribución, etc. Madrid :
Nombre del editor, distribuidor, etc. Imprenta Don Pedro Marín,
Fecha de publicación, distribución, etc. 1785.
300 ## - DESCRIPCIÓN FÍSICA
Extensión xx, 208 p. ;
Dimensiones 18 cm.
Existencias
Estado de retiro Estado de pérdida Restricciones de uso No para préstamo Código de colección Localización permanente Ubicación/localización actual Ubicación en estantería Fecha de adquisición Número de inventario Total de préstamos Signatura topográfica completa Código de barras Fecha visto por última vez Precio válido a partir de Tipo de ítem Koha
        Monografías: Libros y Folletos Patrimonio Dominicano Patrimonio Dominicano Orden iniciada 09.09.2011 LF1   xxxx S211i 33769-10 25.06.2020 25.06.2020 No se presta

Con tecnología Koha